Estrategias de industrialización en base a productos de alto valor agregado: evaluación de casos regionales en la industria petroquímica argentina /

Guardado en:
Autor Principal: Leonardi, Viviana.
Formato: Libro
Idioma:Spanish
Publicado: 1999.
Materias:
Etiquetas: Agregar Etiqueta
Sin Etiquetas, Sea el primero en etiquetar este registro!
LEADER 00724nam a22001935a 4500
001 EUN.um068024
008 041125s1999####ag#a#####bm###000#0#spa#d
005 20090403110158.0
245 1 0 |a Estrategias de industrialización en base a productos de alto valor agregado: evaluación de casos regionales en la industria petroquímica argentina /  |c Viviana Leonardi. 
260 |c 1999. 
300 |a 102 h. :  |b ilus. ;  |c 29,5 cm. 
502 |a Tesis--Universidad Nacional del Sur, 2000. 
504 |a Incluye referencias bibliográficas. 
100 1 |a Leonardi, Viviana. 
082 0 4 |a 040 
082 0 4 |a 338.27 
653 |a Desarrollo industrial 
653 |a Industria petroquimia 
859 |a Ar-BaUNS  |b Dto. Economia  |h 040  |i B148 2000-459  |p 111428/000